000
00183 a2200097 4500
020
_a
9780345456540
041
_a
eng
100
_a
Perry, Anne
245
_a
Shoulder the sky
942
_c
BK
999
_c
8917
_d
8917